Reinventing ritual : (Record no. 26769)

000 -LEADER
fixed length control field 02157cam a2200373 a 4500
001 - CONTROL NUMBER
control field 15660995
005 - DATE AND TIME OF LATEST TRANSACTION
control field 20170206110501.0
008 - FIXED-LENGTH DATA ELEMENTS--GENERAL INFORMATION
fixed length control field 090316s2009 nyua bc 001 0 eng
010 ## - LIBRARY OF CONGRESS CONTROL NUMBER
LC control number 2009011043
020 ## - INTERNATIONAL STANDARD BOOK NUMBER
International Standard Book Number 9780300146820 (Paperbound : flexicover)
020 ## - INTERNATIONAL STANDARD BOOK NUMBER
International Standard Book Number 0300146825 (Paperbound : flexicover)
035 ## - SYSTEM CONTROL NUMBER
System control number (OCoLC)ocn316233470
040 ## - CATALOGING SOURCE
Original cataloging agency DLC
Transcribing agency DLC
Modifying agency YDX
-- YDXCP
-- OCLCQ
-- DLC
050 00 - LIBRARY OF CONGRESS CALL NUMBER
Classification number N7414.75
Item number .N48 2009
100 1# - MAIN ENTRY--PERSONAL NAME
Personal name Belasco, Daniel,
Dates associated with a name 1975-
245 10 - TITLE STATEMENT
Title Reinventing ritual :
Remainder of title contemporary art and design for Jewish life /
Statement of responsibility, etc. Daniel Belasco ; with contributions by Arnold M. Eisen ... [et al.].
260 ## - PUBLICATION, DISTRIBUTION, ETC. (IMPRINT)
Place of publication, distribution, etc. New York :
Name of publisher, distributor, etc. Jewish Museum ;
Place of publication, distribution, etc. New Haven [Conn.] :
Name of publisher, distributor, etc. Yale University Press,
Date of publication, distribution, etc. c2009.
300 ## - PHYSICAL DESCRIPTION
Extent xiii, 138 p. :
Other physical details ill. (some col.) ;
Dimensions 27 cm.
504 ## - BIBLIOGRAPHY, ETC. NOTE
Bibliography, etc Includes bibliographical references (p. 119-123) and index.
650 #0 - SUBJECT ADDED ENTRY--TOPICAL TERM
Topical term or geographic name as entry element Jewish art and symbolism
Form subdivision Exhibitions.
650 #0 - SUBJECT ADDED ENTRY--TOPICAL TERM
Topical term or geographic name as entry element Jewish art
Chronological subdivision 20th century
Form subdivision Exhibitions.
650 #0 - SUBJECT ADDED ENTRY--TOPICAL TERM
Topical term or geographic name as entry element Jewish art
Chronological subdivision 21st century
Form subdivision Exhibitions.
650 #0 - SUBJECT ADDED ENTRY--TOPICAL TERM
Topical term or geographic name as entry element Judaism
General subdivision Liturgical objects
Form subdivision Exhibitions.
650 #0 - SUBJECT ADDED ENTRY--TOPICAL TERM
Topical term or geographic name as entry element Judaism
General subdivision Customs and practices
Form subdivision Exhibitions.
700 1# - ADDED ENTRY--PERSONAL NAME
Personal name Eisen, Arnold M.,
Dates associated with a name 1951-
710 2# - ADDED ENTRY--CORPORATE NAME
Corporate name or jurisdiction name as entry element Jewish Museum (New York, N.Y.)
710 2# - ADDED ENTRY--CORPORATE NAME
Corporate name or jurisdiction name as entry element Contemporary Jewish Museum (San Francisco, Calif.)
942 ## - ADDED ENTRY ELEMENTS (KOHA)
Source of classification or shelving scheme
Koha item type Hard Covered Materials
Classification part N7414.75 .N48 2009
Holdings
Withdrawn status Lost status Source of classification or shelving scheme Damaged status Not for loan Home library Current library Shelving location Date acquired Source of acquisition Total Checkouts Full call number Barcode Date last seen Price effective from Koha item type
          MACHAKOS UNIVERSITY LIBRARY MACHAKOS UNIVERSITY LIBRARY Technical section 06/02/2017 Donation(BFA)   N7414.75 .N48 2009 34252 23/07/2018 06/02/2017 Hard Covered Materials
© Machakos University Library, Along The Highway, Machakos Wote Rd, Machakos, Kenya P.O. Box 136 - 90100 Machakos - Kenya

Tel: ( +254 ) 723 805829 OR Fax : 044-20353 OR Email: library@mksu.ac.ke